Vášeň [objavte tajomstvo ako žiť]

Podrobná bibliografia
Hlavný autor: De Angelis, Barbara, 1951- (Autor)
Ďalší autori: Činčárová, Alica (Prekladateľ)
Médium: Kniha
Jazyk:slovenčina
angličtina
Fyzický popis:84 s. 21 cm
Vydavateľské údaje: V Bratislave Columbus 2009
ISBN:9788071361954
Vydanie:1. vyd.
Predmet:

MARC

LEADER 00000cam a2200000 a 4500
001 vtls010034820
003 SK-MaSNL
005 20260301131015.0
008 240314s2009 xo g 000 0 slo
015 |a SNBA2013/10 
020 |a 9788071361954  |q (brož.) 
035 |a 260EE13F-2C90-4F63-966A-D2B93492C635 
035 |a urn:nbn:sk:snk-amjfit 
035 |a urn:nbn:sk:snk-am001t00 
040 |a SNK  |b slo  |c SNK  |e AACR2 
041 1 |a slo  |h eng 
044 |a xo  |c SK 
072 7 |a 613.88  |2 2001 
072 7 |a (0.062)  |2 2001 
072 7 |a 17  |x Etika. Morálna filozofia  |2 konspekt 
080 |a 177.6  |2 2001 
100 1 |a De Angelis, Barbara,  |d 1951-  |4 aut  |9 213780 
240 1 0 |a Passion  |l Slovensky 
245 1 0 |a Vášeň  |b [objavte tajomstvo ako žiť]  |c Barbara De Angelis ; [z anglického originálu] preložila Alica Činčárová 
250 |a 1. vyd. 
260 |a V Bratislave  |b Columbus  |c 2009 
300 |a 84 s.  |c 21 cm 
650 0 7 |a láska  |2 SNKPH  |9 4351 
650 0 7 |a sexualita  |2 SNKPH  |9 1946 
650 0 7 |a vášeň  |2 SNKPH  |9 479660 
650 0 7 |a Love  |2 SNKPHeng  |9 300221 
650 0 7 |a Sexuality  |2 SNKPHeng  |9 291144 
655 7 |a populárno-náučné publikácie  |2 SNKPH  |9 70460 
655 7 |a Popular works  |2 SNKPHeng  |9 90287 
700 1 |a Činčárová, Alica  |4 trl  |9 12265 
752 |a Slovensko  |d Bratislava 
919 |a 978-80-7136-195-4 
958 |a OP 
968 |b ENG 
999 |c 746480  |d 748410 
952 |a SNK  |b SNK  |y PREZ  |7 0  |p 17A1084337  |o snkSC 156420  |i snk2013/24480  |8 0  |0 0  |1 0  |4 0  |d 2013-10-11  |l 0  |r 2025-08-18 00:00:00  |w 2026-02-23 
952 |a SNK  |b SNK  |y VYP  |7 0  |p 17A1084338  |o snkSC 156420 D1  |i snk2013/24482  |8 0  |0 0  |1 0  |4 0  |d 2013-10-11  |l 1  |r 2026-03-12 10:08:37  |s 2026-02-28  |w 2026-02-23